Las negociaciones entre gobierno y FMI: hacia donde nos lleva el Fondo Monetario Internacional?

保存先:
書誌詳細
フォーマット: テキスト
タグ: タグ追加
タグなし, このレコードへの初めてのタグを付けませんか!

MARC

LEADER 00000 a a2200000 04500
001 1330
003
040
245 |a Las negociaciones entre gobierno y FMI:   |b hacia donde nos lleva el Fondo Monetario Internacional?  
773 |g número 3; páginas 7-8  
999 |c 38601  |d 38601